000 00691nam a2200229 a 4500
001 000040261
003 DO-SdBNP
005 20231030150515.0
007 ta
008 130821s2012 dr a 000 0 spa d
020 _a9789945878813
040 _aDO-SdBNP
_bspa
_cBNPHU
_erda
100 1 _aViola, Luz T.,
_d1965-
_966535
_eautora
245 1 0 _aTesoros y secretos :
_bLa llegada de Cristo /
_cLuz T. Viola.
264 _aSanto Domingo :
_bDe Revista,
_c2012.
300 _a255 páginas :
_bilustraciones ;
_c23 cm.
336 _2rdacontent
_atexto
_btxt
337 _2rdamedia
_asin mediación
_bn
338 _2rdacarrier
_avolumen
_bnc
590 _aInventariado, 2023/BT
942 _2ddc
_cLBS1
999 _c39751
_d39751